000 00720nam a2200229Ia 4500
003 OSt
005 20220916110929.0
006 a|||||r|||| 00| 0
007 ta
008 Pun
024 _a10,098
037 _cTextbook
040 _bPun
_aARTS
_cARTS
041 _aPun
082 _aO153,1:g(P), J0
100 _aਸਿੰਘ, ਕਾਨ
245 0 _aਗੁਰੂਛੰਦ ਦਿਵਾਕਰ ਅਰਥਾਤ ਸਿੱਖਕਾਰਜ ਦੇ ਛੰਦਾਂ ਦਾ ਸੂਰਯ ਤੁਲਯ ਪ੍ਰਕਾFਕ ਛੰਦFਾਸਤ੍ਰ
260 _c1950
650 _aਪੰਜਾਬੀ ਸਾਹਿਤ
942 _hO153,1:g(P), J0
_cTB
_2CC
999 _c101658
_d101658